000 01036nam0a2200289 4500
001 RU\NLR\bibl\1724038
005 20260406144600.0
010 _a978-5-8445-0091-6
_93000
021 _aRU
_b2010-99397
_96715
035 _a(NLR Aleph) 001715016
090 _a1303942
_c1303942
100 _a20110118d2010 |||y0rusy50 ca
101 1 _arus
_ceng
102 _aRU
105 _ay |||||||||
200 1 _aСемь важнейших истин о Божественном исцелении
_fКеннет Е. Хейгин
_e[перевод с английского]
210 _aСанкт-Петербург
_cБиблейский взгляд
_d2010
215 _a77 с.
_d21
606 1 _aЕвангелизация
_92082319
_3RU\NLR\auth\661258340
686 _aЭ391.93
700 1 _4070
_8rus
_7ca
_aХейгин
_bК. Е.
_f1917-2003
_gКеннет Е.
_3RU\NLR\auth\774243
_9114225
801 0 _aRU
_bNLR
_c20110118
_gRCR
801 1 _aRU
_bNLR
_c20110118
942 _cBOOK
980 _aNB